[Event "S60159 Server NA Class C Ch"]
[Site "CCLA"]
[Date "2016.05.12"]
[Round "?"]
[White "Nurmi, Ronald"]
[Black "Hodgkins, Neil C."]
[Result "1-0"]
[WhiteElo "1480"]
[BlackElo "1433"]

1. d4 Nf6 2. Bg5 e6 3. e4 d6 4. Nc3 Be7 5. Nf3 O-O 6. Bd3 Nc6 7. O-O Re8 
8. a3 e5 9. d5 Nd4 10. Nxd4 exd4 11. Nb5 c5 12. dxc6 bxc6 13. Nxd4 Bb7 14.
 f3 Nd7 15. Bxe7 Rxe7 16. Nf5 Re6 17. Bc4 d5 18. exd5 cxd5 19. Bxd5 Bxd5 
20. Qxd5 Re5 21. Qd3 Nc5 22. Qxd8+ Rxd8 23. Rad1 Rxd1 24. Rxd1 g6 25. Ng3 
h5 26. Kf2 h4 27. Ne2 Kg7 28. g3 hxg3+ 29. hxg3 Rh5 30. b4 Rh2+ 31. Ke3 
Ne6 32. c4 Rh8 33. Nd4 Re8 34. Nxe6+ Rxe6+ 35. Kf2 Ra6 36. Rd3 g5 37. c5 
Rh6 38. Kg2 f5 39. Rd7+ 1-0

[Event "S67079 Gustafson Memorial Open"]
[Site "CCLA"]
[Date "2016.11.20"]
[Round "?"]
[White "Capuzzi, Gabriele"]
[Black "Blankenship, Jerry T."]
[Result "0-1"]
[WhiteElo "1629"]
[BlackElo "1675"]

1. d4 Nf6 2. Bg5 Ne4 3. Bf4 c5 4. d5 Qb6 5. Qc1 e6 6. f3 Nf6 7. Nc3 exd5 
8. a4 Nc6 9. Nb5 d6 10. Bxd6 Bxd6 11. Nxd6+ Ke7 12. Nb5 a6 13. Nc3 Qa5 14.
 Qd2 d4 15. Ne4 Qxd2+ 16. Nxd2 Nb4 17. O-O-O Bf5 18. c3 Na2# 0-1

[Event "S60279 Premier Quad"]
[Site "CCLA"]
[Date "2017.01.07"]
[Round "?"]
[White "Shannon, Paul D."]
[Black "Thomas, Gerald K."]
[Result "1-0"]
[WhiteElo "1828"]
[BlackElo "1901"]

1. d4 Nf6 2. Nf3 e6 3. g3 b5 4. Bg2 Bb7 5. O-O Be7 6. a4 b4 7. c4 a5 8. 
Nbd2 O-O 9. Qc2 c5 10. e3 d5 11. b3 Na6 12. Bb2 dxc4 13. Nxc4 Bd5 14. Rfd1
Bxc4 15. Qxc4 Qd5 16. Ne5 Qxc4 17. Nxc4 Nd5 18. Nxa5 Rac8 19. Nc4 Rfd8 20.
 Rac1 Bf6 21. e4 Ne7 22. e5 Bg5 23. f4 Bh6 24. Bb7 Nc7 25. Bxc8 Nxc8 26. 
dxc5 Rxd1+ 27. Rxd1 Nd5 28. a5 g6 29. Nb6 Ncxb6 30. cxb6 Ne7 31. a6 1-0

[Event "S60061 Winter Series"]
[Site "CCLA"]
[Date "2016.01.28"]
[Round "?"]
[White "Nurmi, Ronald"]
[Black "McLaughlin, Ed"]
[Result "0-1"]
[WhiteElo "1477"]
[BlackElo "1633"]

1. d4 Nf6 2. Bf4 g6 3. Nf3 Bg7 4. e3 d6 5. Be2 O-O 6. O-O Nd5 7. Bg5 h6 8.
 Bh4 Nd7 9. c4 Nb4 10. Nc3 c5 11. a3 Na6 12. Nd5 g5 13. Bg3 Nc7 14. Nxc7 
Qxc7 15. Rb1 Nf6 16. h3 Bf5 17. Bd3 Ne4 18. Bh2 Qd7 19. g4 Bg6 20. Bxe4 
Bxe4 21. Rc1 Qc6 22. Kg2 Bxf3+ 23. Qxf3 Qxf3+ 24. Kxf3 cxd4 25. e4 Rac8 
26. b3 Rc6 27. Ke2 Rfc8 28. Kd3 b5 29. f3 e6 30. Bg1 d5 31. exd5 exd5 32. 
Bxd4 dxc4+ 0-1

[Event "S60159 Server NA Class C Ch"]
[Site "CCLA"]
[Date "2016.05.12"]
[Round "?"]
[White "Perry, William E."]
[Black "Taylor, Bobby C."]
[Result "0-1"]
[WhiteElo "1417"]
[BlackElo "1575"]

1. d4 Nf6 2. Bf4 g6 3. Nf3 Bg7 4. e3 d6 5. h3 O-O 6. Be2 c5 7. c3 Be6 8. 
dxc5 dxc5 9. Qxd8 Rxd8 10. Nbd2 h6 11. Bc4 Bxc4 12. Nxc4 Nc6 13. a4 Ne4 
14. Ke2 Kf8 15. Nfe5 Nxe5 16. Nxe5 Rd2+ 17. Kf3 Nxf2 18. Rhf1 Nd3 19. Nxd3
Rxd3 20. Rfd1 Rad8 21. Ke2 Rxd1 22. Rxd1 Rxd1 23. Kxd1 e5 24. Bg3 Ke7 25. 
Kc2 Kd6 26. Kd3 f5 27. Kc4 Kc6 28. Kd3 e4+ 29. Kc4 a6 30. Be1 b5+ 31. Kb3 
Be5 32. axb5+ axb5 33. Kc2 f4 34. Bd2 f3 35. gxf3 exf3 36. Be1 Kd5 37. Kd3
c4+ 38. Kd2 g5 39. Bf2 Ke4 40. Kc2 h5 41. Kd2 g4 42. hxg4 hxg4 0-1

[Event "S60231 Summer Series"]
[Site "CCLA"]
[Date "2016.07.31"]
[Round "?"]
[White "Perry, William E."]
[Black "Sanchez, David A."]
[Result "0-1"]
[WhiteElo "1493"]
[BlackElo "1426"]

1. d4 Nf6 2. Bf4 g6 3. Nf3 Bg7 4. e3 O-O 5. Be2 d6 6. h3 c5 7. c3 b6 8. 
O-O Bb7 9. Bh2 Nbd7 10. Nbd2 a6 11. Qc2 Rc8 12. Rac1 cxd4 13. exd4 Re8 14.
 Qd3 e5 15. Qb1 e4 16. Nh4 e3 17. Nb3 exf2+ 18. Rxf2 Ne4 19. Rf4 Bh6 20. 
Rcf1 Bxf4 21. Rxf4 Nxc3 22. bxc3 Rxe2 23. Rxf7 Qxh4 0-1

[Event "S60041 Winter Series"]
[Site "CCLA"]
[Date "2016.01.28"]
[Round "?"]
[White "Shannon, Paul D."]
[Black "Stevens, Daniel L."]
[Result "1-0"]
[WhiteElo "1828"]
[BlackElo "1743"]

1. d4 Nf6 2. Nf3 g6 3. Bg5 Bg7 4. Nbd2 O-O 5. c3 d6 6. e3 Nbd7 7. a4 a5 8.
 Bd3 b6 9. Qe2 Re8 10. O-O Bb7 11. e4 Nf8 12. Rfe1 Ne6 13. Bxf6 exf6 14. 
g3 c6 15. Qf1 Nc7 16. Nc4 b5 17. axb5 Nxb5 18. Ra4 d5 19. exd5 Rxe1 20. 
Nxe1 cxd5 21. Nxa5 Rxa5 22. Bxb5 Qb6 23. Rxa5 Qxa5 24. Qe2 Bf8 25. Kg2 Bc8
26. Nc2 Be6 27. Ne3 Qd8 28. f4 Qc8 29. g4 Qc7 30. f5 Bc8 31. Bd3 Bb7 32. 
Qe1 Bd6 33. h4 Qd8 34. b4 Bc7 35. Nf1 Bc6 36. fxg6 fxg6 37. Qe6+ 1-0

[Event "S60089 Premier Quad"]
[Site "CCLA"]
[Date "2016.02.12"]
[Round "?"]
[White "Shannon, Paul D."]
[Black "Petty, Kirk D."]
[Result "1-0"]
[WhiteElo "1828"]
[BlackElo "1734"]

1. d4 Nf6 2. Nf3 g6 3. Bg5 Bg7 4. Nbd2 O-O 5. c3 d6 6. e3 Qe8 7. Be2 e5 8.
 Bxf6 Bxf6 9. Ne4 Bg7 10. dxe5 dxe5 11. Qb3 b6 12. h4 Bb7 13. Ng3 Nd7 14. 
O-O-O 1-0

[Event "S60279 Premier Quad"]
[Site "CCLA"]
[Date "2017.01.07"]
[Round "?"]
[White "Shannon, Paul D."]
[Black "Stevens, Daniel L."]
[Result "1/2-1/2"]
[WhiteElo "1828"]
[BlackElo "1743"]

1. d4 Nf6 2. Nf3 g6 3. g3 Bg7 4. Bg2 O-O 5. O-O d6 6. b3 c6 7. Bb2 Bf5 8. 
Nbd2 Qc8 9. Re1 Bh3 10. Bh1 h6 11. e4 Nh5 12. Nf1 Nd7 13. Ne3 Ndf6 14. Nd2
Nh7 15. f4 N5f6 16. c4 Ng4 17. Qc2 Nxe3 18. Rxe3 e5 19. dxe5 dxe5 20. Bxe5
Bxe5 21. fxe5 Re8 22. Nf3 Ng5 23. Nxg5 hxg5 24. Rd1 Rxe5 25. Red3 Qc7 26. 
Qf2 Qb6 27. Bf3 Be6 28. Qxb6 axb6 29. Rd8+ Rxd8 30. Rxd8+ Kg7 31. Rb8 b5 
32. cxb5 Rxb5 33. Be2 Ra5 34. Rxb7 Rxa2 35. Bc4 Bxc4 36. bxc4 Ra4 37. e5 
Kf8 38. Kg2 g4 39. Rc7 Rxc4 40. Kf2 Re4 41. Rxc6 Rxe5 42. Rc7 Re4 43. Ra7 
Kg7 44. Ra2 Kh6 45. Kg2 Kg5 46. Rb2 f5 47. Ra2 Re3 48. Rb2 Kh5 49. Kf2 Rc3
50. Ra2 f4 51. gxf4 Rf3+ 52. Kg2 Rxf4 53. Ra8 Kg5 1/2-1/2

[Event "S60031 Winter Series"]
[Site "CCLA"]
[Date "2016.01.28"]
[Round "?"]
[White "Abbey, William"]
[Black "Evans, Stanley W."]
[Result "1-0"]
[WhiteElo "2062"]
[BlackElo "1882"]

1. d4 Nf6 2. c4 Nc6 3. Nf3 e6 4. a3 d6 5. Nc3 Be7 6. e4 e5 7. d5 Nb8 8. h3
a5 9. Bd3 Nbd7 10. O-O O-O 11. Be3 b6 12. b4 Re8 13. Qd2 Ba6 14. Rfb1 Bb7 
15. Bc2 Nh5 16. Ba4 Nhf6 17. Qb2 Rf8 18. Qc2 Ne8 19. c5 Bc8 20. cxb6 cxb6 
21. Bc6 Rb8 22. bxa5 bxa5 23. Rxb8 Nxb8 24. Rb1 Ba6 25. Nb5 Nxc6 26. dxc6 
Qa8 27. c7 Qc8 28. Bb6 Bxb5 29. Rxb5 Nxc7 30. Qxc7 Qxc7 31. Bxc7 Rc8 32. 
Bxa5 f6 33. Bb4 Ra8 34. Rb7 Bf8 35. Kf1 Rd8 36. Ke2 d5 37. exd5 Bxb4 38. 
axb4 Rxd5 39. b5 e4 40. Nd2 f5 41. b6 Rb5 42. Nc4 g6 43. Rc7 1-0

[Event "S60031 Winter Series"]
[Site "CCLA"]
[Date "2016.01.28"]
[Round "?"]
[White "Hodgkins, Neil C."]
[Black "Evans, Stanley W."]
[Result "1/2-1/2"]
[WhiteElo "1462"]
[BlackElo "1882"]

1. d4 Nf6 2. c4 Nc6 3. Nf3 e6 4. Nc3 Bb4 5. Bg5 Bxc3+ 6. bxc3 h6 7. Bd2 
O-O 8. e3 d6 9. Bd3 Re8 10. O-O e5 11. e4 Bg4 12. h3 Bxf3 13. Qxf3 exd4 
14. cxd4 Nxd4 15. Qe3 Ne6 16. Rab1 Nc5 17. f3 b6 18. Rfe1 Nxd3 19. Qxd3 
Nd7 20. f4 Nc5 21. Qf3 Qe7 22. e5 dxe5 23. Rxe5 Qd7 24. Rd1 Rad8 25. Rd5 
Qc8 26. Bb4 Ne6 27. h4 c6 28. Rxd8 Nxd8 29. h5 c5 30. Bc3 Ne6 31. g3 Nd4 
32. Bxd4 cxd4 33. Rxd4 Qc5 34. Qd5 Qa3 35. Qg2 Qc1+ 36. Kh2 Qe1 37. Rd2 
Qe6 1/2-1/2

[Event "S60221 Summer Series"]
[Site "CCLA"]
[Date "2016.07.31"]
[Round "?"]
[White "Greco, Tom"]
[Black "Mann, Wallace"]
[Result "0-1"]
[WhiteElo "1668"]
[BlackElo "1528"]

1. d4 Nf6 2. c4 e5 3. dxe5 Ne4 4. Nf3 Nc6 5. Nbd2 d5 6. exd6 Nxd6 7. e3 
Bf5 8. Nd4 Bd7 9. Be2 g6 10. O-O Bg7 11. Nxc6 Bxc6 12. Rb1 O-O 13. b3 Qe7 
14. Bb2 f6 15. Bf3 Bd7 16. e4 Nf7 17. a3 Ng5 18. Re1 Be6 19. Be2 Rad8 20. 
Qc2 Qc5 21. b4 Nh3+ 22. gxh3 Qg5+ 23. Bg4 Bxg4 24. hxg4 Rxd2 25. Qc3 Qxg4+
26. Qg3 Qd7 27. Qh4 g5 28. Qg3 Re8 29. Qf3 c6 30. Bxf6 Bxf6 31. Qxf6 Qg4+ 
32. Kf1 Rf8 33. e5 Rxf6 34. exf6 Qf3 0-1

[Event "S60139 Server NA Class A Ch"]
[Site "CCLA"]
[Date "2016.05.12"]
[Round "?"]
[White "Zaas, Joel"]
[Black "Shannon, Paul D."]
[Result "1-0"]
[WhiteElo "1924"]
[BlackElo "1828"]

1. d4 Nf6 2. c4 e5 3. dxe5 Ng4 4. Bf4 Nc6 5. Nf3 Bb4+ 6. Nbd2 Qe7 7. e3 
Ngxe5 8. Nxe5 Nxe5 9. Be2 O-O 10. a3 Bxd2+ 11. Qxd2 d6 12. O-O b6 13. b4 
Bb7 14. a4 a5 15. c5 dxc5 16. bxc5 Qxc5 17. Rac1 Qe7 18. Qc3 f6 19. Qxc7 
Qxc7 20. Rxc7 Bd5 21. Rfc1 Rad8 22. f3 Bb3 23. Rb1 Bxa4 24. Bxe5 fxe5 25. 
Rxb6 Rd7 26. Rc5 Bd1 27. Bc4+ Kh8 28. Rxa5 e4 29. f4 Bc2 30. Rb2 Rd1+ 31. 
Kf2 Bd3 32. Be6 Rf1+ 33. Kg3 Re1 34. f5 h6 35. Ra7 Rf1 36. Rbb7 1-0

[Event "S60021 Winter Series"]
[Site "CCLA"]
[Date "2016.01.28"]
[Round "?"]
[White "Jarmuz, Frederick"]
[Black "Buss, Michael D."]
[Result "0-1"]
[WhiteElo "1965"]
[BlackElo "2363"]

1. d4 Nf6 2. c4 c5 3. d5 b5 4. cxb5 a6 5. b6 d6 6. Nc3 Nbd7 7. e4 g6 8. 
Nf3 Bg7 9. Be2 O-O 10. O-O Nxb6 11. a4 Rb8 12. Qc2 Ne8 13. a5 Nd7 14. Bf4 
f5 15. exf5 Rxf5 16. Bg3 Nc7 17. Rfe1 Rf7 18. Bd3 Nf6 19. Ng5 Rf8 20. Qe2 
Nh5 21. Nxh7 Nxg3 22. fxg3 Bd4+ 23. Kh1 Rf2 24. Qxe7 Qxe7 25. Rxe7 Bf5 26.
 Bxf5 gxf5 27. Na4 Nxd5 28. Rd7 Ne3 29. Re1 Nc2 30. Rd1 Re8 31. h4 Ne3 32.
 Re1 Rf1+ 33. Rxf1 Nxf1 34. Ng5 Re1 0-1

[Event "S60041 Winter Series"]
[Site "CCLA"]
[Date "2016.01.28"]
[Round "?"]
[White "Strelecky, Rich"]
[Black "Anderson, Clarence"]
[Result "1-0"]
[WhiteElo "1652"]
[BlackElo "1853"]

1. d4 Nf6 2. c4 c5 3. d5 b5 4. cxb5 a6 5. e3 g6 6. Nc3 Bg7 7. Nf3 O-O 8. 
a4 Bb7 9. Ra3 axb5 10. Bxb5 e6 11. dxe6 fxe6 12. O-O d5 13. Ng5 Qe7 14. a5
Nfd7 15. Qg4 Rf5 16. Bxd7 Nxd7 17. e4 Nf6 18. Qh4 Nxe4 19. Qxh7+ Kf8 20. 
Ncxe4 dxe4 21. Qxg6 Bd5 22. g4 Rf3 23. Nxf3 exf3 24. Bh6 Bxh6 25. Qxh6+ 
Ke8 26. Qh5+ Kd7 27. Rd1 Kc6 28. Qe5 Qh4 29. Qg3 Qh8 30. Rd2 Rb8 31. Rxf3 
1-0

[Event "S60021 Winter Series"]
[Site "CCLA"]
[Date "2016.01.28"]
[Round "?"]
[White "Sereni, Vincent T."]
[Black "Buss, Michael D."]
[Result "0-1"]
[WhiteElo "2107"]
[BlackElo "2363"]

1. d4 Nf6 2. c4 c5 3. d5 b5 4. cxb5 a6 5. e3 g6 6. Nc3 Bg7 7. Nf3 O-O 8. 
a4 Bb7 9. h4 e6 10. dxe6 dxe6 11. Qxd8 Rxd8 12. b6 a5 13. Nb5 Nbd7 14. Nd6
Bd5 15. Ng5 Ne5 16. Nb5 h6 17. Nc7 hxg5 18. hxg5 Ne4 19. Nxa8 Rxa8 20. f3 
Ng3 21. e4 Bb7 22. Rh3 Nxf1 23. Kxf1 Nd3 24. g3 Ba6 25. Kg2 Rb8 26. Bd2 
Rxb6 27. Rb1 Rxb2 28. Rxb2 Bxb2 29. Bxa5 c4 30. Bd8 Bd4 31. Rh1 c3 32. Ba5
c2 0-1

[Event "S60021 Winter Series"]
[Site "CCLA"]
[Date "2016.01.28"]
[Round "?"]
[White "Quirk, Michael"]
[Black "Buss, Michael D."]
[Result "0-1"]
[WhiteElo "2166"]
[BlackElo "2363"]

1. d4 Nf6 2. c4 c5 3. d5 b5 4. cxb5 a6 5. bxa6 g6 6. g3 Bg7 7. Bg2 d6 8. 
Nc3 O-O 9. Nf3 Nbd7 10. Rb1 Nb6 11. O-O Bf5 12. Ra1 Qc8 13. Nh4 Bh3 14. e4
Bxg2 15. Nxg2 Qxa6 16. Qc2 Ng4 17. Bg5 Rfb8 18. Bxe7 Nc4 19. Rab1 Rb7 20. 
Bg5 Rab8 21. Ne3 Ngxe3 22. Bxe3 Nxb2 23. Bf4 h6 24. Nd1 c4 25. a3 Rb3 26. 
Nxb2 Rxb2 27. Rxb2 Rxb2 28. Qd1 c3 29. Bc1 c2 30. Qd2 Qc4 31. Re1 Rb1 32. 
Kg2 Bd4 33. h4 h5 34. Rg1 Rb3 35. Re1 Rd3 36. Qe2 Qb3 37. Bd2 Bc5 38. Rf1 
Bxa3 39. Bc1 Bb4 40. Bh6 Rd1 41. Qb5 Kh7 42. Bc1 Kg7 43. Qe2 Bc5 44. Bg5 
Kh7 45. Bc1 Bd4 46. Bf4 Qb1 47. Bg5 Bg7 48. Bd2 Bb2 49. Be3 Kg7 50. Bg5 
Rxf1 51. Qxf1 Qxf1+ 52. Kxf1 c1=Q+ 53. Bxc1 Bxc1 54. Ke2 Kf6 55. f4 Bb2 
56. Kd3 Ke7 57. Kc4 Bg7 58. Kd3 f5 59. exf5 gxf5 60. Kc4 Kd7 0-1

[Event "S67039 Gustafson Memorial Open"]
[Site "CCLA"]
[Date "2016.11.20"]
[Round "?"]
[White "Jarmuz, Frederick"]
[Black "Teverovski, Bogoljub"]
[Result "1/2-1/2"]
[WhiteElo "1965"]
[BlackElo "1967"]

1. d4 Nf6 2. c4 c5 3. d5 b5 4. cxb5 a6 5. bxa6 g6 6. a7 Rxa7 7. Nc3 d6 8. 
e4 Bg7 9. Be2 O-O 10. Nf3 e6 11. dxe6 Bxe6 12. O-O Nc6 13. Bb5 Na5 14. Bf4
d5 15. Bg5 d4 16. e5 dxc3 17. exf6 Bxf6 18. Qxd8 Bxd8 19. bxc3 Bc4 20. 
Rfb1 Bxg5 21. Nxg5 Rb8 22. a4 Rab7 23. Ne4 Bxb5 24. axb5 Rxb5 25. Rxb5 
Rxb5 26. g3 c4 27. Ra4 Kg7 28. Nd6 Rc5 29. g4 f5 30. g5 Kf8 31. Rb4 Rc7 
32. Nb5 Rb7 33. Na3 Ke7 34. Ra4 Nb3 35. Nxc4 Nc5 36. Ra3 Ne4 37. h4 Rc7 
38. Ne3 Kd6 39. c4 Rb7 40. Ra2 Kc5 41. Rc2 Nd6 42. Kg2 Rb3 43. Nd5 Ne4 44.
 f3 Nd6 45. Nf6 f4 46. Rc1 Nf5 47. Rh1 Ne3+ 48. Kh3 Kxc4 1/2-1/2

[Event "S60211 Summer Series"]
[Site "CCLA"]
[Date "2016.07.31"]
[Round "?"]
[White "Zaas, Joel"]
[Black "Thomas, Gerald K."]
[Result "1-0"]
[WhiteElo "2076"]
[BlackElo "1901"]

1. d4 Nf6 2. c4 c5 3. d5 b5 4. cxb5 a6 5. bxa6 Bxa6 6. Nc3 d6 7. Nf3 Nbd7 
8. e4 Bxf1 9. Kxf1 g6 10. g3 Bg7 11. Kg2 O-O 12. Re1 Ng4 13. Qe2 Bxc3 14. 
bxc3 Ra4 15. Nd2 Ngf6 16. c4 e6 17. a3 exd5 18. Qd1 Qa8 19. exd5 Ne5 20. 
Bb2 Nfd7 21. Qc2 f6 22. Re3 Qa6 23. Rc1 Nb6 24. Bxe5 fxe5 25. Qb3 Ra8 26. 
Rcc3 Kg7 27. Rf3 Re8 28. h4 h5 29. Ne4 Nxc4 30. Ng5 e4 31. Rf7+ Kg8 32. 
Rxc4 Rxc4 33. Qe3 Qa8 34. Rf6 1-0

[Event "S60211 Summer Series"]
[Site "CCLA"]
[Date "2016.07.31"]
[Round "?"]
[White "Jarmuz, Frederick"]
[Black "Thomas, Gerald K."]
[Result "1-0"]
[WhiteElo "1965"]
[BlackElo "1901"]

1. d4 Nf6 2. c4 c5 3. d5 b5 4. cxb5 a6 5. bxa6 Bxa6 6. Nc3 d6 7. e4 Bxf1 
8. Kxf1 g6 9. Nf3 Nbd7 10. g3 Bg7 11. Kg2 O-O 12. h3 Qb6 13. Rb1 Rfb8 14. 
Bg5 Qa5 15. Qd3 Rb7 16. Qc2 Nb6 17. b3 Nfd7 18. Bd2 Bxc3 19. Bxc3 Qxa2 20.
 Qd3 Qa7 21. Qe3 Qb8 22. h4 Nf6 23. h5 Ra2 24. Rbf1 Nbd7 25. hxg6 fxg6 26.
 Ng5 Nf8 27. Qf4 Qd8 28. Rh6 Rc2 29. Ba1 Ra7 30. g4 Rca2 31. Bc3 R2a3 32. 
Rb1 c4 33. Ne6 Qa8 34. Bd4 Nxe6 35. dxe6 R7a5 36. Bxf6 exf6 37. Re1 Qf8 
38. Reh1 Ra7 39. Qh2 Qe7 40. Rxg6+ Kh8 41. Qf4 1-0

[Event "S67059 Gustafson Memorial Open"]
[Site "CCLA"]
[Date "2016.11.20"]
[Round "?"]
[White "Gerber, David F."]
[Black "Shannon, Paul D."]
[Result "1-0"]
[WhiteElo "1738"]
[BlackElo "1815"]

1. d4 e6 2. c4 c5 3. d5 exd5 4. cxd5 Nf6 5. Nc3 d6 6. Nf3 g6 7. Bf4 a6 8. 
a4 Bg7 9. h3 O-O 10. e3 Re8 11. Nd2 Nh5 12. Bh2 Bf8 13. Be2 Ng7 14. O-O 
Nd7 15. e4 f5 16. Qc2 Nf6 17. Rae1 fxe4 18. Ndxe4 Nxe4 19. Nxe4 Bf5 20. 
Bd3 Qd7 21. Nf6+ 1-0

[Event "S60319 Regular Quad"]
[Site "CCLA"]
[Date "2017.01.07"]
[Round "?"]
[White "Moujan, Pablo"]
[Black "Walsh, Patrick"]
[Result "1/2-1/2"]
[WhiteElo "1519"]
[BlackElo "1647"]

1. c4 Nf6 2. g3 e6 3. d4 c5 4. d5 exd5 5. cxd5 d6 6. Nc3 g6 7. Bg2 Bg7 8. 
Nf3 O-O 9. O-O Re8 10. Bf4 Na6 11. Re1 Bg4 12. h3 Bxf3 13. Bxf3 Nd7 14. 
Ne4 Ne5 15. Bg2 b5 16. g4 h6 17. a3 Nc7 18. Nc3 Qd7 19. b3 Nxg4 20. Rc1 
Ne5 21. e4 g5 22. Bh2 a5 23. f4 Ng6 24. Bg3 b4 25. axb4 axb4 26. Na4 gxf4 
27. Bh2 Rab8 28. Kh1 Nb5 29. Qd2 Nd4 30. Qd3 f3 31. Bxf3 Qxh3 32. Be2 Qh4 
33. Bf1 Be5 34. Qh3 Qxh3 35. Bxh3 Bxh2 36. Kxh2 Nf3+ 37. Kg3 Ra8 38. Kxf3 
Ne5+ 39. Ke3 Kh8 40. Bf5 Rg8 41. Rg1 Rxg1 42. Rxg1 c4 43. Rb1 Kg7 44. Nb6 
Ra3 45. Nd7 Rxb3+ 46. Rxb3 cxb3 47. Kd2 Nc4+ 48. Kc1 h5 1/2-1/2

[Event "S60021 Winter Series"]
[Site "CCLA"]
[Date "2016.01.28"]
[Round "?"]
[White "Jarmuz, Frederick"]
[Black "Quirk, Michael"]
[Result "0-1"]
[WhiteElo "1965"]
[BlackElo "2166"]

1. d4 Nf6 2. c4 c5 3. d5 e6 4. Nc3 exd5 5. cxd5 d6 6. e4 g6 7. f4 Bg7 8. 
Nf3 O-O 9. Be2 Bg4 10. O-O Nbd7 11. h3 Bxf3 12. Bxf3 Re8 13. Re1 Qa5 14. 
Bd2 b5 15. Qc2 b4 16. Nd1 Nb6 17. a3 Qa6 18. Qb1 b3 19. a4 Re7 20. a5 Nbd7
21. Be2 c4 22. Nf2 Nc5 23. Qc1 Nfxe4 24. Bxc4 Qc8 25. Be3 Rb8 26. Nd3 Nxd3
27. Bxd3 Nc5 28. Bc4 Rc7 29. Qb1 Na6 30. Bxa6 Qxa6 31. Rc1 Re7 32. Bf2 Qe2
33. Re1 Qxb2 34. Qxb2 Bxb2 35. Rab1 Rxe1+ 36. Bxe1 Bg7 37. Kf1 Rb5 38. Ke2
b2 39. Kd3 Rxd5+ 40. Kc2 Rc5+ 41. Kb3 Rc1 42. Ka2 Rxb1 0-1

[Event "S67119 Gustafson Memorial Open"]
[Site "CCLA"]
[Date "2016.11.20"]
[Round "?"]
[White "Benson, Katie J."]
[Black "Lyons, Brenda M."]
[Result "0-1"]
[WhiteElo "1197"]
[BlackElo "1220"]

1. d4 Nf6 2. c4 e6 3. Nf3 c5 4. d5 d6 5. Nc3 exd5 6. cxd5 g6 7. Nd2 Bg7 8.
 e4 O-O 9. Be2 Na6 10. O-O Ne8 11. Nb3 Bxc3 12. bxc3 Nf6 13. Bg5 Kg7 14. 
Bxa6 bxa6 15. Bxf6+ Kxf6 16. c4 h5 17. Qf3+ Kg7 18. Rad1 Bg4 0-1

[Event "S67109 Gustafson Memorial Open"]
[Site "CCLA"]
[Date "2016.11.20"]
[Round "?"]
[White "Lyons, Anthony W."]
[Black "Lines, Daniel"]
[Result "1/2-1/2"]
[WhiteElo "1237"]
[BlackElo "1413"]

1. d4 Nf6 2. c4 e6 3. Nf3 c5 4. d5 d6 5. Nc3 exd5 6. cxd5 g6 7. Nd2 Bg7 8.
 e4 O-O 9. Be2 Na6 10. O-O Ne8 11. Nc4 Nac7 12. a4 f5 13. exf5 Rxf5 14. 
Bg4 Rf8 15. Bxc8 Rxc8 16. Qb3 b6 17. Nb5 Nxb5 18. axb5 Rc7 19. Bd2 Rff7 
20. Bc3 Qd7 21. Bxg7 Nxg7 22. Rfe1 Re7 23. Kf1 1/2-1/2

[Event "S67109 Gustafson Memorial Open"]
[Site "CCLA"]
[Date "2016.11.20"]
[Round "?"]
[White "Lines, Daniel"]
[Black "Lyons, Anthony W."]
[Result "1-0"]
[WhiteElo "1413"]
[BlackElo "1237"]

1. d4 Nf6 2. c4 e6 3. Nf3 c5 4. d5 d6 5. Nc3 exd5 6. cxd5 g6 7. Nd2 Bg7 8.
 e4 O-O 9. Be2 Na6 10. O-O Ne8 11. Nc4 Nac7 12. a4 f5 13. exf5 Rxf5 14. 
Bg4 Rf8 15. Bxc8 Rxc8 16. Qb3 b6 17. Nb5 Nxb5 18. axb5 Rc7 19. Bd2 Rcf7 
20. Bc3 Bxc3 21. bxc3 Qh4 22. Ra2 Ng7 23. Qd1 Nf5 24. g3 Qh5 25. Qxh5 gxh5
26. Raa1 h6 27. Ne3 Nxe3 28. fxe3 Rxf1+ 29. Rxf1 Rxf1+ 30. Kxf1 Kg7 31. 
Kf2 Kf6 32. Kf3 Ke5 33. e4 Kf6 34. Kf4 Kg6 35. c4 Kf6 36. h3 Ke7 37. Kf5 
Kd7 38. Kf6 Kc7 39. Ke7 Kb8 40. Kxd6 Kc8 41. e5 Kd8 42. e6 Ke8 43. e7 Kf7 
44. Kd7 Kg6 45. e8=Q+ 1-0

[Event "S67119 Gustafson Memorial Open"]
[Site "CCLA"]
[Date "2016.11.20"]
[Round "?"]
[White "Lyons, Brenda M."]
[Black "Benson, Katie J."]
[Result "1/2-1/2"]
[WhiteElo "1220"]
[BlackElo "1197"]

1. d4 Nf6 2. c4 e6 3. Nf3 c5 4. d5 d6 5. Nc3 exd5 6. cxd5 g6 7. Nd2 Bg7 8.
 e4 O-O 9. Be2 Na6 10. O-O Ne8 11. Nb3 Bxc3 12. bxc3 Nf6 13. Bxa6 bxa6 14.
 Bg5 Re8 15. Bxf6 Qxf6 16. f3 Qxc3 17. Qc1 Qxc1 18. Rfxc1 Bd7 19. Kf2 Ba4 
20. Rcb1 Bxb3 21. axb3 Reb8 22. Rxa6 Rb6 23. Rxb6 axb6 24. Rb2 Rb8 25. Kg1
1/2-1/2

[Event "S60231 Summer Series"]
[Site "CCLA"]
[Date "2016.07.31"]
[Round "?"]
[White "Nurmi, Ronald"]
[Black "Cangelosi, Dominic"]
[Result "1-0"]
[WhiteElo "1477"]
[BlackElo "1417"]

1. d4 f5 2. Bf4 Nf6 3. e3 e6 4. Nf3 d5 5. c4 Bb4+ 6. Nc3 O-O 7. Bd3 Nbd7 
8. Qb3 a5 9. O-O Ne4 10. cxd5 exd5 11. Nxd5 Bd6 12. Nxc7+ Kh8 13. Bxd6 
Nxd6 14. Nxa8 b6 15. Nxb6 Nxb6 16. Ne5 Bb7 17. Rac1 Qg5 18. f3 Qxe3+ 19. 
Kh1 Nd5 20. Nc4 Nxc4 21. Bxc4 1-0

[Event "S60109 Regular Quad"]
[Site "CCLA"]
[Date "2016.03.11"]
[Round "?"]
[White "Evans, Andrew"]
[Black "Strelecky, Rich"]
[Result "0-1"]
[WhiteElo "1208"]
[BlackElo "1652"]

1. d4 f5 2. e3 Nf6 3. Bd3 e6 4. Nd2 c5 5. c3 cxd4 6. cxd4 Nc6 7. Ngf3 Be7 
8. b3 d5 9. Bb2 O-O 10. O-O a6 11. Ne5 Nb4 12. Be2 Bd7 13. Ndf3 Bb5 14. 
Ng5 Qb6 15. Bxb5 axb5 16. a3 Na6 17. b4 Nc7 18. Nd7 Nxd7 19. Qh5 Bxg5 20. 
Qxg5 Rf7 21. f3 Qd6 22. a4 Rxa4 23. Rxa4 bxa4 24. Ba3 Nb5 25. Qf4 Qxf4 26.
 exf4 Nxa3 0-1

[Event "S60109 Regular Quad"]
[Site "CCLA"]
[Date "2016.03.11"]
[Round "?"]
[White "Rasmussen, Bruce A."]
[Black "Strelecky, Rich"]
[Result "0-1"]
[WhiteElo "1341"]
[BlackElo "1652"]

1. d4 f5 2. e3 Nf6 3. Bd3 e6 4. Nf3 b6 5. Ne5 Be7 6. f4 Bb7 7. O-O d6 8. 
Nc4 O-O 9. Nbd2 Nbd7 10. Rf3 Bxf3 11. Qxf3 d5 12. Ne5 Nxe5 13. fxe5 Ne4 
14. c4 Ng5 15. Qh5 Qe8 16. Qh4 Nf3+ 17. gxf3 Bxh4 0-1

[Event "S60279 Premier Quad"]
[Site "CCLA"]
[Date "2017.01.07"]
[Round "?"]
[White "Shannon, Paul D."]
[Black "Anderson, Clarence"]
[Result "1-0"]
[WhiteElo "1828"]
[BlackElo "1853"]

1. d4 f5 2. Bg5 h6 3. Bh4 g5 4. e3 Bg7 5. Bg3 d6 6. Nc3 Nf6 7. h4 g4 8. 
Bd3 O-O 9. Nge2 Nh5 10. Qd2 e5 11. dxe5 dxe5 12. O-O-O Be6 13. Kb1 a6 14. 
Bxf5 Qe7 15. Nd5 Bxd5 16. Qxd5+ Rf7 17. Bg6 Nxg3 18. Nxg3 c6 19. Qxf7+ 
Qxf7 20. Bxf7+ Kxf7 21. Nf5 1-0

[Event "S60169 Server NA Class D Ch"]
[Site "CCLA"]
[Date "2016.05.12"]
[Round "?"]
[White "Henriques, Keith"]
[Black "Cangelosi, Dominic"]
[Result "0-1"]
[WhiteElo "1250"]
[BlackElo "1419"]

1. d4 f5 2. Nc3 e6 3. Nf3 d5 4. e3 Nd7 5. Bd3 Ngf6 6. a3 c5 7. O-O Ne4 8. 
Bb5 a6 9. Bxd7+ Bxd7 10. Ne5 Nxc3 11. Qh5+ g6 12. Qf3 Ne4 13. dxc5 Bxc5 
14. Rd1 Ba4 15. b3 Bb5 16. a4 Bd7 17. a5 Bd6 18. Nd3 Qf6 19. Bb2 Qh4 20. 
Bxh8 Qxh2+ 21. Kf1 Ke7 22. Bb2 Ng5 23. Ke2 Nxf3 24. Kxf3 Qh5+ 25. g4 Qxg4#
0-1

[Event "S67109 Gustafson Memorial Open"]
[Site "CCLA"]
[Date "2016.11.20"]
[Round "?"]
[White "Lyons, Anthony W."]
[Black "Cangelosi, Dominic"]
[Result "0-1"]
[WhiteElo "1237"]
[BlackElo "1401"]

1. d4 f5 2. Nc3 Nf6 3. Bf4 e6 4. e3 d5 5. Bb5+ c6 6. Bd3 Bb4 7. Qd2 Qa5 8.
 a3 Ne4 9. Nge2 Nxd2 10. Kxd2 Bxc3+ 11. Nxc3 Qd8 0-1

[Event "S67089 Gustafson Memorial Open"]
[Site "CCLA"]
[Date "2016.11.20"]
[Round "?"]
[White "Stetson, Micah P."]
[Black "McLaughlin, Ed"]
[Result "0-1"]
[WhiteElo "1472"]
[BlackElo "1635"]

1. d4 d5 2. Nc3 f5 3. Bg5 Nf6 4. Qd2 Nbd7 5. f3 h6 6. Bxf6 Nxf6 7. O-O-O 
Be6 8. Nh3 g5 9. Nf2 Bg7 10. e4 O-O 11. e5 Nd7 12. Bd3 Bf7 0-1